| 000 | 00782cam a2200265 a 4500 | ||
|---|---|---|---|
| 001 | 179262 | ||
| 003 | OSt | ||
| 005 | 20180921 | ||
| 008 | |||
| 245 |
_aVademecum internacional : primera guía farmacológica completa _cdirectora Ma. Jesús Canales |
||
| 260 |
_aMadrid : _bUBM Médica Spain |
||
| 300 | _a1058 p. | ||
| 504 | _aIncluye índice | ||
| 650 |
_aFarmacología _aMedicamentos _aTerapeútica |
||
| 700 | _aCanales, María de Jesús, dir | ||
| 040 |
_aDLC _cDLC |
||
| 942 |
_2ddc _cBK |
||
| 999 |
_c179262 _d17926200 |
||